000 00679cam a2200253 4500500
005 20260405002904.0
041 _afre
042 _adc
100 1 0 _ade Oliveira, Victorine
_eauthor
245 0 0 _aÀ l’Est, du nouveau
260 _c2019.
500 _a3
690 _aAilleurs
690 _aAvicenne
690 _aBruno
690 _aLulle
690 _aMystique
690 _aOrient
690 _aPlaton
690 _aSohrawardi
690 _aTrey Spruence
786 0 _nPhilosophie magazine | 127 | 3 | 2019-03-01 | p. 34-34 | 1951-1787
856 4 1 _uhttps://shs.cairn.info/magazine-philosophie-magazine-2019-3-page-34?lang=fr&redirect-ssocas=7080
999 _c2062166
_d2062166